00403pab a2200157 454500008004000000100001900040245006400059260000900123300001300132362001100145650001300156650001300169650002500182700001800207773002000225180718b2006 xxu||||| |||| 00| 0 eng d aDutta, Suparna aTraining students to communicate effectively: a wakeup call c2006 ap.14-17. a24 Apr aStudents atraining aCommunication skills aChander Mohan aUniversity News